| 000 | 00415nam a2200157Ia 4500 | ||
|---|---|---|---|
| 005 | 20250310040024.0 | ||
| 008 | 240331s9999 xx 000 0 und d | ||
| 082 |
_bYOG _25132 _a894.811 |
||
| 100 | _aYoganathan, S | ||
| 245 | 0 | _aEraval Thaainadu | |
| 250 | _a2nd Edition | ||
| 260 |
_aMadras, _bNarmadha Pathippagam _c1986 |
||
| 300 | _a388 p., | ||
| 500 | _aA collection of novelettes by C. Yoganathan | ||
| 942 | _cL | ||
| 999 |
_c4249 _d4249 |
||